Central Library OPAC University of Rajshahi

Ergodentheorie / (Record no. 51118)

MARC details
000 -LEADER
fixed length control field 00758nam a2200241 a 4500
001 - CONTROL NUMBER
control field 51118
003 - CONTROL NUMBER IDENTIFIER
rucl marc code BD-RjUL
005 - DATE AND TIME OF LATEST TRANSACTION
control field 20211209075619.0
008 - FIXED-LENGTH DATA ELEMENTS--GENERAL INFORMATION
fixed length control field 160829t19481937nyua 000 0 ger
035 ## - SYSTEM CONTROL NUMBER
System control number (BD-RjUL)51238
040 ## - CATALOGING SOURCE
Original cataloging agency DLC
Transcribing agency TOL
Modifying agency OCL
-- EQO
-- BD-RjUL
Language of cataloging eng
041 ## - LANGUAGE CODE
Language code of text/sound track or separate title eng
082 ## - DEWEY DECIMAL CLASSIFICATION NUMBER
Classification number 510
Edition number 23
Author mark and year HOE 1948
100 1# - MAIN ENTRY--PERSONAL NAME
Personal name Hopf, Eberhard,
Dates associated with a name 1902-
9 (RLIN) 152911
245 10 - TITLE STATEMENT
Title Ergodentheorie /
260 ## - PUBLICATION, DISTRIBUTION, ETC. (IMPRINT)
Place of publication, distribution, etc. New York :
Name of publisher, distributor, etc. Chelsea Pub. Co.,
Date of publication, distribution, etc. c1937, 1948
300 ## - PHYSICAL DESCRIPTION
Pagination iv, 83 p. :
Illustrations ill. ;
Size 22 cm.
490 1# - SERIES STATEMENT
Series statement Ergebnisse der Mathematik und ihrer Grenzgebiete ;
Volume/sequential designation 5, Bd. 2
650 #0 - SUBJECT ADDED ENTRY--TOPICAL TERM
Topical term or geographic name as entry element Statistical mechanics.
9 (RLIN) 117125
830 #0 - SERIES ADDED ENTRY--UNIFORM TITLE
Uniform title Ergebnisse der Mathematik und ihrer Grenzgebiete ;
Volume number/sequential designation 5, Bd. 2
942 ## - ADDED ENTRY ELEMENTS (KOHA)
Source of classification or shelving scheme Dewey Decimal Classification
Koha item type Books
Holdings
Lost status Source of classification or shelving scheme Damaged status Not for loan Collection code Permanent Location Current Location Shelving location Date acquired Source of acquisition Cost, normal purchase price Total Checkouts Full call number Date last seen Copy number Koha item type
  Dewey Decimal Classification     Non-fiction Central Library, University of Rajshahi Central Library, University of Rajshahi   06/03/1964 Zeitlinger 22.00   510 HOE 1948 29/08/2016 C-2 Books